000 00575nam a22001937a 4500
999 _c7760
_d7760
003 OSt
005 20220301132644.0
008 220301b ||||| |||| 00| 0 eng d
020 _a0521556120
040 _cDDC
082 _a321.8 DEM 1997
100 _aMicheal ,Bratton
_915822
245 _aDemocratic experiments in Africa
_b: regime transitions in comparative perspective
260 _aNew york
_b: Cambridge university
_c, 1997
300 _axvi,307p.
_c; 23 cm
504 _aBibliography index
650 _aDemocratic experiments- Africa
_915823
942 _2ddc
_cBOOK